[Event "XI C.to Italiano U20"]
[Site "Bratto - Castione della Presolana ITA"]
[Date "2003.08.23"]
[Round "3"]
[White "Chinello, Gianmarco"]
[Black "Oblak, Mitja"]
[Result "1-0"]
[WhiteElo "1681"]
[BlackElo "1500"]
[PlyCount "114"]
[EventDate "2003.08.21"]

1. e4 e5 2. Nf3 Nc6 3. d4 exd4 4. Bc4 Be7 5. c3 d6 6. cxd4 Nf6 7. Nc3 Bg4 8.
Be3 O-O 9. h3 Bh5 10. a3 a6 11. b4 Nd7 12. Nd5 Nf6 13. Nf4 Bxf3 14. gxf3 Re8
15. Ke2 Bf8 16. h4 Ne7 17. Qb3 d5 18. exd5 b5 19. Bd3 Nexd5 20. Nxd5 Qxd5 21.
Qc2 Qxd4 22. Be4 Rxe4 23. fxe4 Qxe4 24. Qxc7 Nd5 25. Qg3 f5 26. f4 Bd6 27. Rhf1
Re8 28. Kf2 Qxe3+ 29. Qxe3 Rxe3 30. Rfd1 Bxf4 31. Rxd5 Rh3 32. Rxf5 Rxh4 33.
Rd1 g6 34. Rd8+ Kg7 35. Rd7+ Kh6 36. Rff7 Kg5 37. Rxh7 Rg4 38. Rh3 Bc1 39. Rd5+
Kf6 40. Rd6+ Kg5 41. Rxa6 Rf4+ 42. Rf3 Kf5 43. Rxf4+ Bxf4 44. Rb6 g5 45. Rxb5+
Ke6 46. a4 Kd6 47. Rf5 Kc6 48. Rxf4 gxf4 49. Kf3 Kd5 50. Kxf4 Kc4 51. b5 Kc5
52. Ke5 Kb6 53. Kd6 Kb7 54. a5 Ka7 55. Kc7 Ka8 56. Kc8 Ka7 57. b6+ Ka6 1-0

[Event "XI C.to Italiano U20"]
[Site "Bratto - Castione della Presolana ITA"]
[Date "2003.08.23"]
[Round "3"]
[White "Damia, Angelo"]
[Black "Pagan, Nicolo'"]
[Result "1-0"]
[WhiteElo "2021"]
[BlackElo "1600"]
[PlyCount "67"]
[EventDate "2003.08.21"]

1. e4 c6 2. Nf3 d5 3. Nc3 Bg4 4. h3 Bh5 5. g4 Bg6 6. exd5 cxd5 7. Bb5+ Nc6 8.
Ne5 Qd6 9. d4 Rc8 10. Bf4 Qd8 11. h4 f6 12. Nxg6 hxg6 13. Qd3 g5 14. Qg6+ Kd7
15. Bh2 Rxh4 16. O-O-O Nh6 17. Nxd5 Qe8 18. Qd3 Qf7 19. Nb6+ Kd8 20. Nxc8 Nxg4
21. Qg3 e6 22. Bxc6 bxc6 23. Qb8 Kd7 24. Qxa7+ Ke8 25. Qxf7+ Kxf7 26. Bg3 Rh6
27. Rxh6 gxh6 28. a4 h5 29. a5 h4 30. a6 hxg3 31. fxg3 Ne3 32. a7 Nxd1 33. Kxd1
f5 34. a8=Q 1-0

[Event "XI C.to Italiano U20"]
[Site "Bratto - Castione della Presolana ITA"]
[Date "2003.08.23"]
[Round "3"]
[White "Ferro, Mario"]
[Black "Buono, Valerio"]
[Result "1-0"]
[WhiteElo "2190"]
[BlackElo "1705"]
[PlyCount "91"]
[EventDate "2003.08.21"]

1. d4 d5 2. c4 e6 3. cxd5 exd5 4. Nc3 Nf6 5. Bg5 Be7 6. Nf3 Nbd7 7. e3 c6 8.
Bd3 h6 9. Bh4 b6 10. O-O Bb7 11. Bg3 O-O 12. Rc1 Rc8 13. Qe2 Nh5 14. Ba6 Nxg3
15. hxg3 Rc7 16. Bxb7 Rxb7 17. Qa6 Qb8 18. Rc2 Rc8 19. Rfc1 Rbc7 20. Qa4 Bd6
21. b4 b5 22. Qb3 Nb6 23. e4 Qb7 24. e5 Bf8 25. Ne2 Nc4 26. Nf4 Re8 27. Re2
Rce7 28. Rce1 Qd7 29. e6 Qc8 30. exf7+ Kxf7 31. Ne5+ Nxe5 32. dxe5 Kg8 33. Qc2
Qc7 34. e6 Qd6 35. a3 a6 36. Qf5 Rc7 37. Nh5 Qd8 38. Re3 Qg5 39. g4 Rce7 40. f4
Qxf5 41. gxf5 Ra8 42. f6 gxf6 43. Nxf6+ Kg7 44. Nd7 Kg6 45. f5+ Kh7 46. f6 1-0

[Event "XI C.to Italiano U20"]
[Site "Bratto - Castione della Presolana ITA"]
[Date "2003.08.23"]
[Round "3"]
[White "Forato, Enrico"]
[Black "Orani, Luigi Giuseppe"]
[Result "1-0"]
[WhiteElo "1600"]
[BlackElo "1500"]
[PlyCount "59"]
[EventDate "2003.08.21"]

1. e4 c5 2. Nf3 d6 3. d4 cxd4 4. Nxd4 Nc6 5. Nc3 e5 6. Nb3 a6 7. a4 Nf6 8. f3
Be6 9. Be3 Be7 10. Be2 O-O 11. O-O Bxb3 12. cxb3 Qc8 13. Rc1 Rd8 14. Nd5 Qe6
15. Nc7 Qc8 16. Nxa8 Qxa8 17. Bc4 Rc8 18. Qe1 Qb8 19. Qd2 b5 20. axb5 axb5 21.
Bd5 Nxd5 22. Qxd5 Nb4 23. Rxc8+ Qxc8 24. Qxb5 Na6 25. Rc1 Qa8 26. Qa4 g6 27.
Rc6 Qe8 28. Rxa6 Qxa4 29. bxa4 f5 30. b4 1-0

[Event "XI C.to Italiano U20"]
[Site "Bratto - Castione della Presolana ITA"]
[Date "2003.08.23"]
[Round "3"]
[White "Kidane, Robel"]
[Black "Stirpe, Claudio"]
[Result "1-0"]
[WhiteElo "2045"]
[BlackElo "1668"]
[PlyCount "75"]
[EventDate "2003.08.21"]

1. e4 e5 2. Nf3 Nc6 3. Bb5 a6 4. Ba4 Nf6 5. O-O Be7 6. Re1 b5 7. Bb3 d6 8. c3
O-O 9. h3 Na5 10. Bc2 c5 11. d4 Qc7 12. Nbd2 Nc6 13. d5 Nd8 14. a4 Rb8 15. axb5
axb5 16. Nf1 Ne8 17. g4 f6 18. Ne3 g6 19. Kh2 Ng7 20. Rg1 Nf7 21. h4 Bd7 22. h5
g5 23. Bd2 Ra8 24. Qe2 Ra7 25. Nf5 Nxf5 26. gxf5 Rfa8 27. Raf1 c4 28. Rg3 Ra2
29. Bc1 b4 30. cxb4 Qb6 31. Nd2 Qxb4 32. Qxc4 Qb6 33. Rb3 Qa7 34. Nb1 Ra5 35.
Be3 Ra4 36. Qe2 Qa6 37. Bd3 Qa5 38. Bb6 1-0

[Event "XI C.to Italiano U20"]
[Site "Bratto - Castione della Presolana ITA"]
[Date "2003.08.23"]
[Round "3"]
[White "Lain, Luigi"]
[Black "Longo, Aldo"]
[Result "1-0"]
[WhiteElo "2261"]
[BlackElo "1677"]
[PlyCount "105"]
[EventDate "2003.08.21"]

1. d4 Nf6 2. c4 g6 3. f3 Bg7 4. e4 d6 5. Nc3 O-O 6. Be3 e5 7. d5 Nh5 8. Qd2 f5
9. exf5 gxf5 10. O-O-O Na6 11. Bd3 Nc5 12. Bc2 a5 13. Nge2 Bd7 14. Rde1 Qh4 15.
Ng3 Nf6 16. Qe2 Ne8 17. Bf2 Bh6+ 18. Kb1 Qe7 19. Nh5 Nf6 20. Bh4 Bg7 21. Ng3
Qf7 22. Bxf5 Bxf5+ 23. Nxf5 Nxd5 24. Nxd5 Qxf5+ 25. Ka1 Qd7 26. Bf2 Ne6 27. h4
Nf4 28. Qe4 Qf7 29. Nc3 c6 30. Rd1 Rfd8 31. g3 Nh5 32. Rd2 Bh6 33. Rd3 Nf6 34.
Qf5 Nh5 35. Qg4+ Qg6 36. Rhd1 Bf8 37. Qxg6+ hxg6 38. Ne4 Rd7 39. g4 Nf4 40.
Nf6+ Kg7 41. Nxd7 Nxd3 42. Rxd3 Be7 43. Nb6 Rd8 44. Na4 Kf7 45. Nc3 Ke6 46. Kb1
Rh8 47. Ne4 Rd8 48. Kc2 b5 49. cxb5 cxb5 50. Nc3 Rb8 51. Nd5 Rc8+ 52. Kd2 Bf8
53. Rc3 1-0

[Event "XI C.to Italiano U20"]
[Site "Bratto - Castione della Presolana ITA"]
[Date "2003.08.23"]
[Round "3"]
[White "Locatelli, Andrea"]
[Black "Tomba, Ivan"]
[Result "0-1"]
[WhiteElo "2011"]
[BlackElo "2175"]
[PlyCount "66"]
[EventDate "2003.08.21"]

1. e4 c5 2. Nf3 d6 3. d4 cxd4 4. Nxd4 Nf6 5. Nc3 a6 6. Bc4 e6 7. Bb3 Be7 8. O-O
O-O 9. Be3 b5 10. f4 Qc7 11. a3 Bb7 12. Qf3 Nbd7 13. f5 e5 14. Nde2 Nc5 15. Ng3
Bc6 16. Nh5 Nxb3 17. Nxf6+ Bxf6 18. cxb3 Qb7 19. b4 a5 20. Rad1 axb4 21. axb4
Rfd8 22. Rf2 Ra4 23. Nd5 Bxd5 24. Rxd5 Rxb4 25. Rfd2 Qa6 26. Bc5 Rxb2 27. Rxd6
Rxd6 28. Rxd6 Qa1+ 29. Rd1 Qa2 30. h3 h6 31. Rd6 Rb1+ 32. Kh2 Bg5 33. Kg3 Rb3
0-1

[Event "XI C.to Italiano U20"]
[Site "Bratto - Castione della Presolana ITA"]
[Date "2003.08.23"]
[Round "3"]
[White "Longo, Luigi"]
[Black "Xia, Jie"]
[Result "1/2-1/2"]
[WhiteElo "1693"]
[BlackElo "1597"]
[PlyCount "120"]
[EventDate "2003.08.21"]

1. d4 Nf6 2. c3 d5 3. Nf3 e6 4. Bg5 Be7 5. Nbd2 Nbd7 6. e3 a6 7. Bd3 c5 8. Rc1
c4 9. Bb1 b5 10. O-O Bb7 11. Re1 Ne4 12. Bxe7 Qxe7 13. Ne5 Nxe5 14. dxe5 h5 15.
f4 g5 16. Nxe4 dxe4 17. Qe2 O-O-O 18. Rcd1 Rdg8 19. Rd4 gxf4 20. exf4 Rg7 21.
Qe3 Rhg8 22. Re2 h4 23. Bxe4 Kb8 24. Bxb7 Qxb7 25. Qe4 Qxe4 26. Rdxe4 Rd8 27.
Kf2 Kc7 28. Rc2 Kc6 29. Ree2 Rd3 30. Rcd2 Kd5 31. Rxd3+ cxd3 32. Re3 d2 33.
Rd3+ Ke4 34. Rd4+ Kf5 35. g3 hxg3+ 36. hxg3 Rh7 37. Kg2 Kg4 38. Rxd2 Rh3 39.
Rd3 Rh8 40. Rd4 a5 41. a4 bxa4 42. Rxa4 Rd8 43. Rd4 Rb8 44. Rd2 a4 45. Kf2 Rb7
46. Rc2 Rb3 47. Kg2 a3 48. bxa3 Rxa3 49. Kf2 Rb3 50. Ke3 Kxg3 51. Kd4 Ra3 52.
Ke4 Ra1 53. c4 Re1+ 54. Kd4 Kf3 55. c5 Rd1+ 56. Kc4 Kxf4 57. c6 Rd8 58. c7 Rc8
59. Kd4 Kf5 60. Rc6 f6 1/2-1/2

[Event "XI C.to Italiano U20"]
[Site "Bratto - Castione della Presolana ITA"]
[Date "2003.08.23"]
[Round "3"]
[White "Lorusso, Giuseppe"]
[Black "Visentin, Lorenzo"]
[Result "1-0"]
[WhiteElo "1801"]
[BlackElo "1600"]
[PlyCount "54"]
[EventDate "2003.08.21"]

1. d4 Nf6 2. c4 e6 3. Nc3 c5 4. d5 exd5 5. cxd5 d6 6. e4 g6 7. f4 Bg7 8. Nf3
O-O 9. Be2 Re8 10. Nd2 a6 11. a4 Qa5 12. Nc4 Qc7 13. Qc2 Bg4 14. Bd3 Nxe4 15.
Nxe4 f5 16. O-O fxe4 17. Bxe4 Kh8 18. h3 Bc8 19. Bd2 Qe7 20. Rae1 Qd8 21. Ba5
Qf6 22. Bc3 Qd8 23. Ba5 Qf6 24. Bc7 Rg8 25. Nb6 Bf5 26. Nxa8 Bxe4 27. Rxe4 Nd7
1-0

[Event "XI C.to Italiano U20"]
[Site "Bratto - Castione della Presolana ITA"]
[Date "2003.08.23"]
[Round "3"]
[White "Massironi, Marco"]
[Black "Stromboli, Carlo"]
[Result "1/2-1/2"]
[WhiteElo "2082"]
[BlackElo "1744"]
[PlyCount "117"]
[EventDate "2003.08.21"]

1. e4 c5 2. Nf3 Nc6 3. d4 cxd4 4. Nxd4 e5 5. Nb5 a6 6. Nd6+ Bxd6 7. Qxd6 Qf6 8.
Qxf6 Nxf6 9. Nc3 d5 10. Nxd5 Nxd5 11. exd5 Nb4 12. Kd1 Nxd5 13. c4 Nf6 14. Bd3
O-O 15. f3 Be6 16. b3 Rfd8 17. Ke2 Rac8 18. Be3 Ng4 19. Bg1 Nh6 20. Rd1 f5 21.
Bb6 Re8 22. Bc2 Nf7 23. Rd2 Rc6 24. c5 Rcc8 25. Rhd1 g6 26. b4 Kg7 27. Ba4 Re7
28. a3 Kf6 29. Ke1 h6 30. b5 axb5 31. Bxb5 f4 32. a4 e4 33. fxe4 Bb3 34. Rb1
Bxa4 35. Bxa4 Rxe4+ 36. Kf1 Rxa4 37. Rd7 Ne5 38. Rxb7 Nd3 39. Rb5 Rc4 40. Rc7
Rxc7 41. Bxc7 Nxc5 42. Ke2 Nd7 43. Bd8+ Ke6 44. Ba5 Rc5 45. Rxc5 Nxc5 46. Bd2
Kf5 47. Kf3 g5 48. h3 Ne4 49. Be1 h5 50. Bb4 g4+ 51. hxg4+ hxg4+ 52. Ke2 Ng5
53. Be7 Ne6 54. Bb4 Ke4 55. Bd2 Nd4+ 56. Kf2 g3+ 57. Kg1 f3 58. Be1 fxg2 59.
Kxg2 1/2-1/2

[Event "XI C.to Italiano U20"]
[Site "Bratto - Castione della Presolana ITA"]
[Date "2003.08.23"]
[Round "3"]
[White "Mogranzini, Roberto"]
[Black "Bertagnolli, Alexander"]
[Result "1/2-1/2"]
[WhiteElo "2172"]
[BlackElo "2290"]
[PlyCount "43"]
[EventDate "2003.08.21"]

1. e4 c5 2. Nf3 d6 3. d4 cxd4 4. Nxd4 Nf6 5. Nc3 a6 6. Be2 e5 7. Nb3 Be6 8. O-O
Nbd7 9. a4 Rc8 10. f3 Be7 11. Kh1 O-O 12. Be3 Rxc3 13. bxc3 d5 14. Bd3 Qc7 15.
Qe1 Re8 16. Bd2 dxe4 17. fxe4 Nb6 18. Qg3 Nc8 19. Na5 Nd7 20. Nb3 Ndb6 21. Na5
Nd7 22. Nb3 1/2-1/2

[Event "XI C.to Italiano U20"]
[Site "Bratto - Castione della Presolana ITA"]
[Date "2003.08.23"]
[Round "3"]
[White "Nardi, Marco"]
[Black "Vocaturo, Daniele"]
[Result "1/2-1/2"]
[WhiteElo "1774"]
[BlackElo "2156"]
[PlyCount "105"]
[EventDate "2003.08.21"]

1. e4 c5 2. Nc3 e6 3. Nge2 Nc6 4. g3 d5 5. exd5 exd5 6. Bg2 d4 7. Nd5 Nge7 8.
Nef4 Nxd5 9. Nxd5 Bd6 10. O-O O-O 11. d3 Be6 12. Qh5 Ne5 13. h3 Ng6 14. Re1 Qd7
15. Bd2 Rad8 16. Bg5 f6 17. Bd2 Be5 18. Nf4 Bxf4 19. Bxf4 Nxf4 20. gxf4 b6 21.
Re2 Qf7 22. Qh4 Rfe8 23. Be4 g6 24. b3 Kg7 25. Rae1 Qd7 26. Kh2 Bf7 27. Qg3 f5
28. Bg2 Rxe2 29. Rxe2 Re8 30. Re5 h6 31. h4 Kf6 32. Rxe8 Qxe8 33. Qf3 Qb8 34.
Kg1 Qd6 35. Qa8 Qxf4 36. Qxa7 Qd6 37. a4 g5 38. hxg5+ hxg5 39. a5 bxa5 40. Qxa5
g4 41. Qa8 Kg7 42. Qc8 Qe5 43. Qd8 f4 44. Qh4 Qh5 45. Qe7 f3 46. Bf1 Qf5 47.
Qd6 Qd5 48. Qf4 Be6 49. Qc7+ Kg6 50. Qe7 Qc6 51. b4 cxb4 52. Qxb4 Qd5 53. c3
1/2-1/2

[Event "XI C.to Italiano U20"]
[Site "Bratto - Castione della Presolana ITA"]
[Date "2003.08.23"]
[Round "3"]
[White "Navarro, Stefano"]
[Black "Ronchetti, Niccolo'"]
[Result "0-1"]
[WhiteElo "2125"]
[BlackElo "2217"]
[PlyCount "79"]
[EventDate "2003.08.21"]

1. e4 c5 2. Nf3 Nc6 3. d4 cxd4 4. Nxd4 Nf6 5. Nc3 e5 6. Ndb5 d6 7. a4 a6 8. Na3
Be6 9. Bg5 Rc8 10. Bc4 Qb6 11. Rb1 Qb4 12. Bxe6 fxe6 13. Bxf6 gxf6 14. Qh5+ Kd7
15. O-O Be7 16. Qh3 Rcg8 17. Rfe1 Bd8 18. Rbd1 Rg5 19. Nd5 Qxa4 20. f4 exf4 21.
Nxf4 Re8 22. c4 Qa5 23. Re2 Qe5 24. Nd3 Qd4+ 25. Nf2 Qc5 26. Red2 Bc7 27. Rd5
Qa7 28. c5 Ne5 29. cxd6 Bb6 30. R5d2 Reg8 31. Rc1 Rxg2+ 32. Kh1 R8g7 33. Qc3
Nc6 34. Nh3 Bd4 35. Qf3 Be3 36. Rdd1 Bxc1 37. Rxc1 Qd4 38. Nc4 b5 39. Na3 Ne5
40. Qc3 0-1

[Event "XI C.to Italiano U20"]
[Site "Bratto - Castione della Presolana ITA"]
[Date "2003.08.23"]
[Round "3"]
[White "Pagan, Andrea"]
[Black "Fratino, Lorenzo"]
[Result "1-0"]
[WhiteElo "1603"]
[BlackElo "1548"]
[PlyCount "89"]
[EventDate "2003.08.21"]

1. d4 d5 2. c4 c6 3. Nf3 Nf6 4. e3 a6 5. Bd3 b5 6. c5 Bg4 7. Nc3 Nbd7 8. Bd2 e5
9. Be2 Qc7 10. h3 Bh5 11. b4 Be7 12. dxe5 Nxe5 13. Nd4 Nd3+ 14. Kf1 Bg6 15. a3
Nb2 16. Qc1 Nc4 17. f3 Nh5 18. Be1 Rc8 19. e4 Ng3+ 20. Bxg3 Qxg3 21. Bxc4 dxc4
22. Nde2 Qe5 23. Kf2 O-O 24. f4 Qf6 25. e5 Qf5 26. Nd4 Qd3 27. Rd1 Bh4+ 28. Kg1
Qg3 29. Nce2 Qf2+ 30. Kh1 Be4 31. Rg1 Be7 32. Qc3 Qh4 33. Qe3 Bd5 34. Nf5 Bxc5
35. bxc5 Qd8 36. Qg3 g6 37. Nd6 Rc7 38. Nc3 Qb8 39. Rab1 Qa7 40. Qe3 Rb8 41.
Rgf1 h6 42. h4 Re7 43. Nxd5 cxd5 44. Rbd1 Rc7 45. Rxd5 1-0

[Event "XI C.to Italiano U20"]
[Site "Bratto - Castione della Presolana ITA"]
[Date "2003.08.23"]
[Round "3"]
[White "Parpinel, Marco"]
[Black "Napoli, Nicolo'"]
[Result "1/2-1/2"]
[WhiteElo "1606"]
[BlackElo "2039"]
[PlyCount "89"]
[EventDate "2003.08.21"]

1. e4 g6 2. d4 Bg7 3. Nc3 c6 4. Be3 d6 5. h3 Qa5 6. Qd2 b5 7. Nf3 Nf6 8. Bd3
O-O 9. O-O Nbd7 10. Bh6 b4 11. Ne2 c5 12. Bxg7 Kxg7 13. a3 Qc7 14. e5 dxe5 15.
dxe5 Nxe5 16. Nxe5 Qxe5 17. axb4 Bb7 18. bxc5 Qxc5 19. Qf4 e5 20. Qc4 Qd6 21.
Nc3 Rfc8 22. Qh4 Qc6 23. Qg3 e4 24. Bb5 Qb6 25. Qe3 Qxe3 26. fxe3 Nd5 27. Nxd5
Bxd5 28. Rfd1 Rc5 29. Rxd5 Rxd5 30. Bc6 Rdd8 31. Bxa8 Rxa8 32. g4 Rc8 33. c3
Rc7 34. Kf2 Rb7 35. b4 Rc7 36. Rc1 Kf6 37. c4 Ke5 38. Kg3 f5 39. g5 h5 40. gxh6
g5 41. c5 Kf6 42. Rd1 Ke5 43. Rc1 Kf6 44. Rd1 Ke5 45. Rc1 1/2-1/2

[Event "XI C.to Italiano U20"]
[Site "Bratto - Castione della Presolana ITA"]
[Date "2003.08.23"]
[Round "3"]
[White "Piscopo, Pierluigi"]
[Black "Waldner, Mirko"]
[Result "1-0"]
[WhiteElo "2319"]
[BlackElo "2067"]
[PlyCount "35"]
[EventDate "2003.08.21"]

1. e4 e6 2. d4 d5 3. Nc3 Nf6 4. Bg5 Be7 5. e5 Nfd7 6. h4 c5 7. Nb5 Qa5+ 8. b4
cxb4 9. Bxe7 b3+ 10. c3 b2 11. Bb4 bxa1=Q 12. Nd6+ Ke7 13. Nf5+ Kd8 14. Bxa5+
b6 15. Qxa1 bxa5 16. Nd6 Ke7 17. Qc1 Nc6 18. Qe3 1-0

[Event "XI C.to Italiano U20"]
[Site "Bratto - Castione della Presolana ITA"]
[Date "2003.08.23"]
[Round "3"]
[White "Pulito, Alberto"]
[Black "Bonafede, Alessandro"]
[Result "1/2-1/2"]
[WhiteElo "2058"]
[BlackElo "2098"]
[PlyCount "77"]
[EventDate "2003.08.21"]

1. e4 c5 2. c3 d6 3. d4 Nf6 4. Bd3 g6 5. Ne2 Bg7 6. O-O O-O 7. h3 Qc7 8. Bg5
Nc6 9. Nd2 Ne8 10. dxc5 dxc5 11. f4 Nd6 12. Kh1 b5 13. Qe1 c4 14. Bc2 a5 15.
Qh4 Qa7 16. f5 Ne8 17. fxg6 hxg6 18. Nf4 e6 19. Bh6 Qe7 20. Qxe7 Nxe7 21. Bxg7
Kxg7 22. Nf3 Bb7 23. Rad1 Nf6 24. e5 Nfd5 25. Nxd5 Nxd5 26. Be4 Rfd8 27. Nd4 b4
28. Nb5 Ne3 29. Bxb7 Nxf1 30. Rxf1 Rab8 31. Nd6 Rxd6 32. exd6 Rxb7 33. Rd1 Rd7
34. Rd4 bxc3 35. bxc3 Kf6 36. Kg1 Ke5 37. Rxc4 Rxd6 38. Kf1 Rd5 39. Ke2 1/2-1/2

[Event "XI C.to Italiano U20"]
[Site "Bratto - Castione della Presolana ITA"]
[Date "2003.08.23"]
[Round "3"]
[White "Reduzzi, Maurizio"]
[Black "Bonarrigo, Marco"]
[Result "1-0"]
[WhiteElo "1749"]
[BlackElo "1765"]
[PlyCount "75"]
[EventDate "2003.08.21"]

1. d4 Nf6 2. Nf3 g6 3. g3 Bg7 4. Bg2 O-O 5. O-O d5 6. c4 e6 7. Qc2 Nbd7 8. Bg5
h6 9. Bf4 Nh5 10. Bc1 Re8 11. Nbd2 c6 12. e4 dxc4 13. Nxc4 Nb6 14. Nxb6 axb6
15. e5 g5 16. g4 Nf4 17. Bxf4 gxf4 18. Qe4 f6 19. a3 Rf8 20. exf6 Rxf6 21. Rfe1
Ra5 22. Bf1 Qd5 23. Qd3 Bd7 24. b4 Ra8 25. Re5 Qd6 26. Qe4 Be8 27. Nh4 Rd8 28.
Rd1 c5 29. Bc4 Bf7 30. bxc5 bxc5 31. Ba2 cxd4 32. Bb1 b6 33. g5 hxg5 34. Qh7+
Kf8 35. Rxg5 Bh6 36. Rg6 Rxg6+ 37. Nxg6+ Bxg6 38. Qxh6+ 1-0

[Event "XI C.to Italiano U20"]
[Site "Bratto - Castione della Presolana ITA"]
[Date "2003.08.23"]
[Round "3"]
[White "Reginato, Mauro"]
[Black "Navarro, Tommaso"]
[Result "0-1"]
[WhiteElo "1453"]
[BlackElo "1513"]
[PlyCount "62"]
[EventDate "2003.08.21"]

1. e4 e5 2. Nf3 Nc6 3. d4 exd4 4. Bc4 Be7 5. Nxd4 Nxd4 6. Qxd4 Nf6 7. O-O d6 8.
Nc3 O-O 9. Qd3 c6 10. a3 Be6 11. Bxe6 fxe6 12. Ne2 d5 13. exd5 exd5 14. c4 Qb6
15. b4 dxc4 16. Qxc4+ Kh8 17. Bb2 Rad8 18. Rad1 c5 19. Bc3 Rxd1 20. Rxd1 cxb4
21. Bxb4 Bxb4 22. Qxb4 Rd8 23. Rxd8+ Qxd8 24. Ng3 b6 25. h3 h6 26. Nf5 Qc8 27.
Ne7 Qc1+ 28. Kh2 Qc7+ 29. Kg1 a5 30. Ng6+ Kh7 31. Nf8+ Kg8 0-1

[Event "XI C.to Italiano U20"]
[Site "Bratto - Castione della Presolana ITA"]
[Date "2003.08.23"]
[Round "3"]
[White "Rombaldoni, Denis"]
[Black "Bdair, Bilal"]
[Result "1-0"]
[WhiteElo "2064"]
[BlackElo "1702"]
[PlyCount "87"]
[EventDate "2003.08.21"]

1. d4 Nf6 2. c4 c5 3. d5 e6 4. Nf3 exd5 5. cxd5 d6 6. Nc3 g6 7. Bg5 Bg7 8. e3
O-O 9. Nd2 a6 10. Nde4 h6 11. Nxf6+ Bxf6 12. Bxh6 Re8 13. Bd3 Nd7 14. h4 Ne5
15. Bf4 Nxd3+ 16. Qxd3 Bf5 17. Qd2 b5 18. h5 g5 19. Bg3 c4 20. a3 Rb8 21. Na2
a5 22. f3 b4 23. axb4 axb4 24. O-O c3 25. bxc3 b3 26. Nb4 Rxb4 27. cxb4 Bxa1
28. Rxa1 Qf6 29. Rf1 Bc2 30. b5 Ra8 31. b6 Rb8 32. Qb4 Qd8 33. Qc3 Rxb6 34. h6
f6 35. e4 Rb7 36. Bf2 Kh7 37. Bd4 Rf7 38. f4 g4 39. Re1 Kxh6 40. Qg3 Qd7 41. f5
Kg7 42. Ra1 Kf8 43. Ra8+ Ke7 44. Qc3 1-0

[Event "XI C.to Italiano U20"]
[Site "Bratto - Castione della Presolana ITA"]
[Date "2003.08.23"]
[Round "3"]
[White "Sautto, Daniele"]
[Black "Di Caro, Calogero"]
[Result "1/2-1/2"]
[WhiteElo "2130"]
[BlackElo "2221"]
[PlyCount "95"]
[EventDate "2003.08.21"]

1. e4 e6 2. d4 d5 3. Nd2 Be7 4. Bd3 c5 5. dxc5 Nf6 6. Qe2 Nc6 7. Ngf3 a5 8. O-O
O-O 9. c3 Nd7 10. exd5 exd5 11. Nb3 a4 12. Nbd4 Nxc5 13. Bf5 Bf6 14. Nxc6 bxc6
15. Bxc8 Qxc8 16. Be3 Ne6 17. Qc2 Qa6 18. Rfd1 Rfd8 19. Nd4 Bxd4 20. cxd4 Qb5
21. Rdc1 Rac8 22. b3 a3 23. Rab1 c5 24. dxc5 d4 25. Bd2 Rxc5 26. Qd1 Rdc8 27.
Rxc5 Rxc5 28. Rc1 Qd3 29. Rxc5 Nxc5 30. Qc1 Ne6 31. g3 h5 32. h4 Qf3 33. b4 d3
34. Be3 Qd5 35. Qxa3 d2 36. Bxd2 Qxd2 37. Qa8+ Kh7 38. b5 Qb4 39. a4 Nc5 40.
Qd5 Nxa4 41. Qxh5+ Kg8 42. Qe5 Kf8 43. Qb8+ Ke7 44. Qc7+ Ke6 45. Qc6+ Kf5 46.
Qd5+ Kg6 47. h5+ Kh7 48. Qxf7 1/2-1/2

[Event "XI C.to Italiano U20"]
[Site "Bratto - Castione della Presolana ITA"]
[Date "2003.08.23"]
[Round "3"]
[White "Stromboli, Ettore"]
[Black "Buchicchio, Giampaolo"]
[Result "1/2-1/2"]
[WhiteElo "2155"]
[BlackElo "2253"]
[PlyCount "52"]
[EventDate "2003.08.21"]

1. e4 c5 2. Nf3 Nc6 3. d4 cxd4 4. Nxd4 Nf6 5. Nc3 e5 6. Ndb5 d6 7. Bg5 a6 8.
Bxf6 gxf6 9. Na3 b5 10. Nd5 f5 11. Bd3 Be6 12. Qh5 Rg8 13. g3 Rg5 14. Qd1 Bxd5
15. exd5 Ne7 16. c3 Bg7 17. Be2 Qb6 18. Nc2 Rc8 19. a4 Rc5 20. axb5 axb5 21.
Nb4 Qb7 22. Ra6 e4 23. Qa1 Be5 24. Ra7 Qb6 25. Ra6 Qb7 26. Ra7 Qb6 1/2-1/2

[Event "XI C.to Italiano U20"]
[Site "Bratto - Castione della Presolana ITA"]
[Date "2003.08.23"]
[Round "3"]
[White "Trazzi, Enrico"]
[Black "Hellweger, Stefan"]
[Result "1/2-1/2"]
[WhiteElo "1600"]
[BlackElo "1576"]
[PlyCount "79"]
[EventDate "2003.08.21"]

1. d4 d6 2. c4 g6 3. Nc3 Bg7 4. e4 Nd7 5. Nf3 c5 6. Be3 b6 7. Qd2 Ngf6 8. Bh6
O-O 9. Bxg7 Kxg7 10. Be2 cxd4 11. Qxd4 Bb7 12. O-O Qc8 13. Nd5 e5 14. Qe3 Nxd5
15. cxd5 Nf6 16. Rac1 Qd7 17. Bd3 Rac8 18. a3 Rxc1 19. Rxc1 Rc8 20. b4 Ng4 21.
Qd2 Rxc1+ 22. Qxc1 Qc8 23. Qxc8 Bxc8 24. Nd2 Nf6 25. f3 Bd7 26. Bc2 Kf8 27. Kf2
Ke7 28. Ke3 Nh5 29. g3 g5 30. Bd1 Ng7 31. g4 Bb5 32. Be2 Bd7 33. Nb1 Ne8 34.
Nc3 Nc7 35. b5 Ne8 36. a4 Kd8 37. Kd2 Nf6 38. Na2 Bc8 39. Nc1 Nd7 40. Nb3
1/2-1/2

[Event "XI C.to Italiano U20"]
[Site "Bratto - Castione della Presolana ITA"]
[Date "2003.08.23"]
[Round "3"]
[White "Valsecchi, Alessio"]
[Black "Ferrante, Marco"]
[Result "0-1"]
[WhiteElo "1600"]
[BlackElo "1849"]
[PlyCount "76"]
[EventDate "2003.08.21"]

1. c4 e5 2. Nc3 g6 3. g3 Bg7 4. Bg2 c6 5. e4 Ne7 6. d3 O-O 7. Nge2 d6 8. O-O a6
9. a4 a5 10. h3 Be6 11. Kh2 f5 12. b3 Na6 13. Ba3 Nb4 14. Na2 f4 15. Nec3 Qb6
16. g4 g5 17. f3 Rfd8 18. Qe2 d5 19. Rfd1 d4 20. Nb1 Kf7 21. Bxb4 axb4 22. Nd2
c5 23. Rdb1 Qc6 24. Nc1 b6 25. Qf1 Bd7 26. Qd1 h5 27. Qe2 hxg4 28. fxg4 Rh8 29.
Nf3 Bf6 30. Qd1 Ng6 31. Ne2 Bxg4 32. Neg1 Be6 33. Qf1 Qd7 34. Rb2 g4 35. Ne1
gxh3 36. Nxh3 Bxh3 37. Bxh3 Rxh3+ 38. Qxh3 Rh8 0-1

[Event "XI C.to Italiano U20"]
[Site "Bratto - Castione della Presolana ITA"]
[Date "2003.08.23"]
[Round "3"]
[White "Vignoli, Matteo"]
[Black "Dessi', Fabrizio Daniele"]
[Result "1-0"]
[WhiteElo "1600"]
[BlackElo "1522"]
[PlyCount "100"]
[EventDate "2003.08.21"]

1. e4 c5 2. Nf3 Nc6 3. d4 cxd4 4. Nxd4 a6 5. c4 e5 6. Nf3 h6 7. a3 Nf6 8. Nc3
Bc5 9. Be2 Qb6 10. O-O Ng4 11. Qe1 O-O 12. Na4 Qa7 13. Nxc5 Qxc5 14. b4 Qe7 15.
Qc3 d6 16. Bb2 Re8 17. b5 axb5 18. cxb5 Nb8 19. Bc4 b6 20. Bd5 Bb7 21. Bxb7
Qxb7 22. Qd3 Qd7 23. Rad1 Ra5 24. Qxd6 Qxd6 25. Rxd6 Rxb5 26. Bc3 Rb3 27. Bb4
Nf6 28. Nd2 Rb2 29. Rxb6 Nbd7 30. Rd6 Rc8 31. h3 Ra2 32. f3 Nc5 33. Rc1 Ne8 34.
Rd5 f6 35. Rdxc5 Rxc5 36. Rxc5 Rb2 37. Rc1 g5 38. g4 Ng7 39. Kf2 Ne6 40. Ke3
Nd4 41. Bc3 Rxd2 42. Bxd2 Nb3 43. Rc8+ Kf7 44. a4 Nd4 45. a5 Nb5 46. Rc1 Ke6
47. Ra1 Nd4 48. Kd3 Nb3 49. Rb1 Nc5+ 50. Kc4 Na6 1-0

[Event "XI C.to Italiano U20"]
[Site "Bratto - Castione della Presolana ITA"]
[Date "2003.08.24"]
[Round "4"]
[White "Bdair, Bilal"]
[Black "Valsecchi, Alessio"]
[Result "1-0"]
[WhiteElo "1702"]
[BlackElo "1600"]
[PlyCount "65"]
[EventDate "2003.08.21"]

1. d4 Nf6 2. c4 g6 3. Nc3 Bg7 4. e4 d6 5. Nge2 O-O 6. Ng3 e5 7. d5 Ne8 8. h4 h6
9. Be2 f5 10. exf5 Bxf5 11. Nxf5 Rxf5 12. Bg4 Rf8 13. Be3 Nd7 14. Qd2 h5 15.
Be6+ Kh7 16. Bg5 Bf6 17. Ne4 Nc5 18. Nxc5 dxc5 19. O-O-O Ng7 20. f3 Nxe6 21.
dxe6 Bxg5 22. Qxg5 Qxg5+ 23. hxg5 Rac8 24. Rd7+ Kg8 25. Rhd1 Rfe8 26. Rf7 Rxe6
27. Rdd7 Rc6 28. Rg7+ Kh8 29. Rh7+ Kg8 30. Rdg7+ Kf8 31. Rd7 Kg8 32. Rh6 Re8
33. Rdh7 1-0